000 01377cab a2200457 4500
001 ABS59639
008 090401t1998 xxu||||| |||| 00| 0 eng d
035 _a(Sirsi) u89996
041 _aeng
245 _aFocus `98: Call centres, offices and business parks
260 _c1998
350 _a0
490 _aEstates Gazette
_v(9848) 28 November 1998, 75-147(26)
520 _aSpecial report on the call centres, offices and business parks sectors. Discusses the geographic locations, staff availability, design, marketing and corporate players.
650 _aBUSINESS PARKS
650 _aCALL CENTRES
650 _aCAR USE
650 _aCORPORATE PROPERTY
650 _aDEVELOPMENT
650 _aFREEHOLD PROPERTY
650 _aFUTURE
650 _aINDUSTRIAL PREMISES
650 _aINTERIOR DESIGN
650 _aINVESTMENT
650 _aPROPERTY-LEASEHOLD PROPERTY
650 _aLETTINGS
650 _aLIVERPOOL
650 _aMARKETING
650 _aNORTHERN IRELAND
650 _aOFFICE SECTOR
650 _aOUT OF TOWN DEVELOPMENT
650 _aRESEARCH
650 _aSCIENCE PARKS
650 _aSCOTLAND
650 _aSERVICED CALL CENTRES
650 _aSTAFF AVAILABILITY
650 _aTECHNOLOGICAL REQUIREMENTS
690 _aPROPERTY-COMMERCIAL PROPERTY-COMMERCIAL PROPERTY MARKET
942 _n0
948 _c27/11/1998
999 _c56988
_d56988